00436nam a2200169Ia 4500008004100000020001800041041000800059082001800067100001800085245004100103250001100144260004100155300000900196500002800205650001500233700001800248230125s9999 xx 000 0 und d a81-7660-105-5 aeng a658.4033bCHI aDhayagude M G aStatistical and Quantitative Methods a8th ed c2011bEverest Publishing houseaPune a491p aQuantitative methods;QT aStatistics aDhayagude M G